[Event "Êîìàíäíîå ïåð-âî ÐÔ 2012 ã. ïî êëàññè÷åñêèì øàõìàòàì "]
[Site "Ðûáèíñê"]
[Date "2012.08.03"]
[Round "2.153"]
[White "Êîïåíêèí Êèðèëë "]
[Black "Ïàê Ìàòâåé "]
[Result "1-0"]
[WhiteElo "2015"]
[BlackElo "1800"]
[Annotator ""]
[Source ""]
[Remark ""]

1.e4 c5 2.Nf3 d6 3.d3 Nc6 4.g3 g6 5.Bg2 Bg7 6.O-O Nf6 7.c3 O-O
8.h3 Rb8 9.a4 a6 10.Be3 b5 11.axb5 axb5 12.Ne1 Qc7 13.f4 b4 14.g4
Bd7 15.g5 Nh5 16.Bf3 Ng3 17.Rf2 Bxh3 18.Rh2 Qd7 19.Ng2 bxc3 20.bxc3
e5 21.Kf2 Nh5 22.Bxh5 gxh5 23.Qxh5 exf4 24.Nxf4 Rb2+ 25.Nd2 Bf5
26.exf5 Qxf5 27.Rah1 Bxc3 28.Qxh7+ Qxh7 29.Rxh7 Ne7 30.d4 Ng6
31.Nd5 f5 32.gxf6 1-0

[Event "Êîìàíäíîå ïåð-âî ÐÔ 2012 ã. ïî êëàññè÷åñêèì øàõìàòàì "]
[Site "Ðûáèíñê"]
[Date "2012.08.03"]
[Round "2.171"]
[White "Êðîëü Äìèòðèé "]
[Black "Âåêëè÷ Èãîðü "]
[Result "1-0"]
[WhiteElo "1790"]
[BlackElo "1783"]
[Annotator ""]
[Source ""]
[Remark ""]

1.e4 e5 2.Nf3 Nc6 3.d4 exd4 4.Nxd4 Nf6 5.Nc3 Bb4 6.Nxc6 bxc6
7.Bd3 O-O 8.O-O d5 9.exd5 cxd5 10.Bg5 c6 11.a3 Be7 12.Re1 h6
13.Bh4 Be6 14.Qf3 Qd7 15.h3 Rfe8 16.Ne2 Rad8 17.Nd4 Rb8 18.Nxe6
fxe6 19.Bg6 Rf8 20.Qe3 Rxb2 21.Qxe6+ Qxe6 22.Rxe6 Bd8 23.Rxc6
Bb6 24.Bxf6 Rxf6 25.Rc8+ Rf8 26.Rxf8+ Kxf8 27.Re1 1-0

[Event "Êîìàíäíîå ïåð-âî ÐÔ 2012 ã. ïî êëàññè÷åñêèì øàõìàòàì "]
[Site "Ðûáèíñê"]
[Date "2012.08.03"]
[Round "2.172"]
[White "Ïðèïîëçèí Àíòîí "]
[Black "Äóãèí Àíäðåé "]
[Result "1/2-1/2"]
[WhiteElo "1688"]
[BlackElo "1793"]
[Annotator ""]
[Source ""]
[Remark ""]

1.Nf3 Nf6 2.d4 e6 3.g3 d5 4.Bg2 c5 5.O-O Nc6 6.Bf4 Qb6 7.Bc1
cxd4 8.Nbd2 e5 9.Nb3 Be6 10.e3 dxe3 11.Bxe3 d4 12.Bd2 Bd6 13.Ng5
Bxb3 14.axb3 h6 15.Ne4 Nxe4 16.Bxe4 O-O 17.Qg4 f5 18.Bxf5 Rf6
19.Bd3 Re8 20.Bc4+ Kh8 21.Qh5 Ref8 22.g4 d3 23.Kh1 Rxf2 24.Rxf2
Qxf2 25.Bxh6 Qf3+ 26.Kg1 Qf2+ 27.Kh1 Qf3+ 28.Kg1 Qf2+ 29.Kh1
Qf3+ 30.Kg1 Qf2+ 31.Kh1 1/2-1/2

[Event "Êîìàíäíîå ïåð-âî ÐÔ 2012 ã. ïî êëàññè÷åñêèì øàõìàòàì "]
[Site "Ðûáèíñê"]
[Date "2012.08.03"]
[Round "2.173"]
[White "×èñòÿêîâà Äàðüÿ "]
[Black "Ìèíååâ Ñòàíèñëàâ "]
[Result "0-1"]
[WhiteElo "1643"]
[BlackElo "1716"]
[Annotator ""]
[Source ""]
[Remark ""]

1.e4 e6 2.d4 d5 3.e5 c5 4.Nf3 Nc6 5.c3 Qb6 6.Be2 cxd4 7.cxd4
Bd7 8.Nc3 Nge7 9.O-O Nf5 10.Na4 Qc7 11.Be3 Qa5 12.Nc3 Bb4 13.Rc1
O-O 14.Bd3 Nxe3 15.fxe3 Bxc3 16.bxc3 h6 17.Qe1 Ne7 18.Qh4 Ng6
19.Qh5 Bb5 20.Bxb5 Qxb5 21.g4 Qd3 22.Rce1 Qe4 23.g5 hxg5 24.Nxg5
Qh4 25.Qxh4 Nxh4 26.Rf2 Nf5 27.e4 dxe4 28.Nxe4 Rfd8 29.Rb1 b6
30.Rc1 Rac8 31.Kf1 Rxd4 32.Ng5 Rd3 33.c4 Rd4 34.c5 Rxc5 35.Rfc2
Rxc2 36.Rxc2 Ne3+ 0-1

[Event "Êîìàíäíîå ïåð-âî ÐÔ 2012 ã. ïî êëàññè÷åñêèì øàõìàòàì "]
[Site "Ðûáèíñê"]
[Date "2012.08.03"]
[Round "2.181"]
[White "Ïåòðîâ Àíòîí "]
[Black "Ìàëûøåâ Ãðèãîðèé "]
[Result "0-1"]
[WhiteElo "1627"]
[BlackElo "2003"]
[Annotator ""]
[Source ""]
[Remark ""]

1.e4 c6 2.d4 d5 3.Nc3 dxe4 4.Nxe4 Bf5 5.Ng3 Bg6 6.h4 h6 7.Nf3
Nd7 8.Bd3 Bxd3 9.Qxd3 e6 10.Bd2 Ngf6 11.O-O-O Be7 12.Bc3 O-O
13.Kb1 Qc7 14.b3 a5 15.a4 b5 16.Ne5 bxa4 17.Nxd7 Qxd7 18.bxa4
Nd5 19.Kc1 Nxc3 20.Qxc3 Rab8 21.Ne4 Rb4 22.Nc5 Qd5 23.Nb3 Rxa4
24.Qg3 Rc4 25.Qe5 a4 26.Na5 Ba3+ 27.Kb1 Rb4+ 28.Ka1 Bb2+ 29.Kb1
Bc3+ 30.Kc1 Qa2 31.Nb3 Qb2# 0-1

[Event "Êîìàíäíîå ïåð-âî ÐÔ 2012 ã. ïî êëàññè÷åñêèì øàõìàòàì "]
[Site "Ðûáèíñê"]
[Date "2012.08.04"]
[Round "3.11"]
[White "Ëåïêàñîâ Âëàäèñëàâ"]
[Black "Ìàõìóòîâ Ðàèëü"]
[Result "0-1"]
[WhiteElo "2171"]
[BlackElo "2391"]
[Annotator ""]
[Source ""]
[Remark ""]

1.e4 e6 2.d4 d5 3.Nd2 a6 4.Ngf3 c5 5.exd5 exd5 6.Be2 c4 7.O-O
Bd6 8.Re1 Ne7 9.Nf1 Nbc6 10.Bg5 O-O 11.Ne3 f6 12.Bh4 b5 13.c3
Be6 14.Bg3 b4 15.Qd2 bxc3 16.bxc3 Bxg3 17.hxg3 Qa5 18.Bd1 Bf7
19.Bc2 Rab8 20.Nf5 Nxf5 21.Bxf5 Na7 22.Qc2 g6 23.Bh3 Rfe8 24.g4
h6 25.g3 Nb5 26.Rac1 Qa3 27.Rxe8+ Rxe8 28.Bg2 Nd6 29.Nh4 Kg7
30.Bf3 Ne4 31.Bxe4 Rxe4 32.f3 Re2 33.Qd1 Rxa2 34.Ng2 Qb2 35.Qf1
a5 36.f4 Qd2 37.Rd1 Qxc3 38.Kh2 Qb2 39.g5 hxg5 40.fxg5 fxg5 41.Re1
Qxd4 42.Re7 Qf2 43.Qxf2 Rxf2 44.Kg1 Rb2 45.Ne3 c3 46.Rc7 d4 47.Nc4
Rb1+ 48.Kf2 c2 49.Ne5 c1Q 50.Rxf7+ Kg8 0-1

[Event "Êîìàíäíîå ïåð-âî ÐÔ 2012 ã. ïî êëàññè÷åñêèì øàõìàòàì "]
[Site "Ðûáèíñê"]
[Date "2012.08.04"]
[Round "3.12"]
[White "Ôàéçðàõìàíîâ Ðàìèëü"]
[Black "Èïàòîâ Àëåêñàíäð"]
[Result "1-0"]
[WhiteElo "2291"]
[BlackElo "2159"]
[Annotator ""]
[Source ""]
[Remark ""]

1.d4 Nf6 2.c4 g6 3.Nc3 Bg7 4.e4 d6 5.Bg5 O-O 6.Qd2 Nbd7 7.Bd3
e5 8.d5 Nc5 9.Bc2 a5 10.Nge2 Bd7 11.f3 Qe8 12.O-O-O b5 13.cxb5
Bxb5 14.Nxb5 Qxb5 15.Nc3 Qb7 16.Na4 Nfd7 17.Be3 Qb5 18.Nc3 Qb7
19.Ba4 Nxa4 20.Nxa4 f5 21.Nc3 a4 22.Kb1 Nb6 23.Qd3 Rfb8 24.Rd2
Qa6 25.Qxa6 Rxa6 26.Bxb6 Rbxb6 27.Re1 a3 28.b3 h5 29.Rc2 Bh6
30.Ree2 Ra8 31.Nd1 Rb7 32.Nf2 Kf7 33.Nd3 Ke7 34.b4 Kd7 35.Rc3
fxe4 36.fxe4 Ke7 37.Kc2 Bg5 38.Kb3 Bh6 39.Ne1 Bf4 40.g3 Bh6 41.Rf2
Rf8 42.Rxf8 Kxf8 43.Kxa3 Bd2 44.Rf3+ Ke7 45.Nd3 Bc3 46.Kb3 Bd4
47.a4 Rb8 48.b5 Bg1 49.Nb4 Rf8 50.Nc6+ Ke8 51.Rxf8+ Kxf8 52.a5
Bxh2 53.b6 cxb6 54.axb6 Bg1 55.b7 1-0

[Event "Êîìàíäíîå ïåð-âî ÐÔ 2012 ã. ïî êëàññè÷åñêèì øàõìàòàì "]
[Site "Ðûáèíñê"]
[Date "2012.08.04"]
[Round "3.13"]
[White "Åðìîëàåâ Åâãåíèé"]
[Black "Ñàäûêîâ Ðàìèëü"]
[Result "1/2-1/2"]
[WhiteElo "2161"]
[BlackElo "2258"]
[Annotator ""]
[Source ""]
[Remark ""]

1.e4 c5 2.Nf3 d6 3.d4 cxd4 4.Nxd4 Nf6 5.Nc3 g6 6.Be3 Bg7 7.f3
O-O 8.Qd2 Nc6 9.g4 d5 10.g5 Nh5 11.exd5 Nxd4 12.Bxd4 Bxd4 13.Qxd4
e5 14.Qd2 Bf5 15.O-O-O Nf4 16.h4 Rc8 17.Qe3 Re8 18.Bb5 Re7 19.d6
Re6 20.d7 Ra8 21.Nd5 a6 22.Bc4 Nxd5 23.Bxd5 Re7 24.Bxb7 Rb8 25.Qa7
Kg7 26.Bc6 Re6 27.Qxb8 Qxb8 28.d8Q Rxc6 29.Qxb8 Rxc2+ 30.Kb1
Rc8+ 31.Ka1 Rxb8 32.Rd6 a5 33.Rd5 e4 34.Rxa5 exf3 35.Rf1 Rb4
36.Rxf3 Rxh4 37.a4 Rg4 38.Ra7 Be6 39.b3 Rxg5 40.a5 h5 41.Re3
Kf6 42.b4 h4 43.Ra8 Rg3 44.Rxg3 hxg3 45.Rd8 g2 46.Rd1 Bc4 47.Rg1
Bf1 48.b5 Bxb5 49.Rxg2 g5 50.Rb2 Bd3 51.a6 Bxa6 52.Rb6+ Ke5 53.Rxa6
g4 54.Kb2 g3 55.Kc3 g2 56.Ra1 Ke4 57.Rg1 Kf3 58.Kd4 1/2-1/2

[Event "Êîìàíäíîå ïåð-âî ÐÔ 2012 ã. ïî êëàññè÷åñêèì øàõìàòàì "]
[Site "Ðûáèíñê"]
[Date "2012.08.04"]
[Round "3.14"]
[White "Áåëîâà Îëüãà"]
[Black "Ìàêàðåíêî Àëåêñàíäðà"]
[Result "1-0"]
[WhiteElo "2084"]
[BlackElo "2123"]
[Annotator ""]
[Source ""]
[Remark ""]

1.d4 Nf6 2.Nc3 e6 3.e4 Bb4 4.e5 Ne4 5.Qg4 d5 6.Qxg7 Rf8 7.a3
Ba5 8.Bh6 Nd7 9.Bd3 Nxc3 10.Bd2 c5 11.bxc3 cxd4 12.cxd4 Bxd2+
13.Kxd2 Qa5+ 14.Ke2 b6 15.Qxh7 Ba6 16.Bxa6 Qxa6+ 17.Qd3 Qa5 18.Rb1
Rc8 19.Rb3 f6 20.f4 Rc4 21.Nf3 Ke7 22.Nd2 Qa4 23.c3 fxe5 24.fxe5
Rf5 25.Rb4 Rxb4 26.cxb4 Nb8 27.Rc1 Nc6 28.g3 Kd7 29.h4 a6 30.Rb1
Kc7 31.Rc1 Kb7 32.Rf1 Rxf1 33.Nxf1 a5 34.Qh7+ Ka6 35.Qd3+ Kb7
36.h5 axb4 37.axb4 Nxb4 38.Qd2 Nc2 39.h6 Qc4+ 40.Kf2 Nxd4 41.h7
Qc5 42.h8Q Nb3+ 43.Qe3 Qc2+ 44.Kg1 d4 45.Qf3+ 1-0

[Event "Êîìàíäíîå ïåð-âî ÐÔ 2012 ã. ïî êëàññè÷åñêèì øàõìàòàì "]
[Site "Ðûáèíñê"]
[Date "2012.08.04"]
[Round "3.21"]
[White "Åëèñååâ Þðèé"]
[Black "Ïàñèåâ Ðàõèì"]
[Result "1-0"]
[WhiteElo "2480"]
[BlackElo "2325"]
[Annotator ""]
[Source ""]
[Remark ""]

1.e4 e5 2.Bc4 Nc6 3.Nf3 Nf6 4.d3 Bc5 5.O-O O-O 6.c3 d5 7.exd5
Nxd5 8.Re1 Bg4 9.h3 Bxf3 10.Qxf3 Nb6 11.Bb5 Ne7 12.Rxe5 Bd6 13.Re1
c6 14.Bc4 Nxc4 15.dxc4 Ng6 16.Be3 Ne5 17.Qe2 Re8 18.Rd1 Qf6 19.Nd2
Ng6 20.Qf3 Qe5 21.g3 Qe6 22.Kg2 Ne5 23.Qe2 Bc7 24.b3 Ng6 25.Nf3
f5 26.Ng5 Qf6 27.c5 Re7 28.Qc4+ Kh8 29.Nf3 f4 30.Bd4 Qf5 31.Qd3
Qxd3 32.Rxd3 fxg3 33.fxg3 Re2+ 34.Bf2 Rf8 35.Rd2 Rxd2 36.Nxd2
h5 37.Re1 h4 38.Re4 hxg3 39.Bxg3 Bxg3 40.Kxg3 Rf5 41.Re8+ Kh7
42.Ne4 Rd5 43.h4 Kh6 44.c4 Rd1 45.Nd6 Kh5 46.Nxb7 Rd3+ 47.Kf2
Nxh4 48.Na5 g5 49.Nxc6 g4 50.Rh8+ Kg5 51.Rg8+ Kh5 52.Ne5 Rd2+
53.Ke3 Rxa2 54.c6 1-0

[Event "Êîìàíäíîå ïåð-âî ÐÔ 2012 ã. ïî êëàññè÷åñêèì øàõìàòàì "]
[Site "Ðûáèíñê"]
[Date "2012.08.04"]
[Round "3.22"]
[White "Êîð÷ìàðü Âàñèëèé"]
[Black "Âàâóëèí Ìàêñèì"]
[Result "0-1"]
[WhiteElo "2234"]
[BlackElo "2292"]
[Annotator ""]
[Source ""]
[Remark ""]

1.d4 Nf6 2.c4 c5 3.d5 b5 4.cxb5 a6 5.b6 g6 6.Nc3 Bg7 7.e4 d6
8.Nf3 O-O 9.Be2 Nbd7 10.O-O Nxb6 11.h3 e6 12.dxe6 Bxe6 13.Bf4
d5 14.exd5 Nfxd5 15.Nxd5 Nxd5 16.Be5 Bxe5 17.Nxe5 Qf6 18.Nd3
Rac8 19.Bf3 Rfd8 20.Qe2 c4 21.Ne5 Nf4 22.Qe3 Nd3 23.Nxd3 Rxd3
24.Qe2 Rcd8 25.b3 Rd2 26.Qe3 R8d3 27.Qe4 c3 28.Rac1 Kg7 29.Be2
Bd5 30.Qxd3 Rxd3 31.Bxd3 Qg5 32.g3 Qh5 33.Bc4 Bb7 34.Rxc3 Qxh3
35.f3 Qxg3+ 36.Kh1 g5 37.Rd3 g4 38.Bd5 Qh3+ 39.Kg1 g3 0-1

[Event "Êîìàíäíîå ïåð-âî ÐÔ 2012 ã. ïî êëàññè÷åñêèì øàõìàòàì "]
[Site "Ðûáèíñê"]
[Date "2012.08.04"]
[Round "3.23"]
[White "Ñàâåíêîâ Êîíñòàíòèí"]
[Black "Åðàìÿí Ãàìëåò"]
[Result "1-0"]
[WhiteElo "2162"]
[BlackElo "2070"]
[Annotator ""]
[Source ""]
[Remark ""]

1.e4 c5 2.Nf3 g6 3.c3 Bg7 4.d4 cxd4 5.cxd4 d6 6.h3 e6 7.Nc3 Ne7
8.Be2 O-O 9.O-O Nbc6 10.Bg5 a6 11.Qd2 b5 12.Bh6 Bb7 13.Bxg7 Kxg7
14.Nd1 Rc8 15.b3 Qb6 16.Ne3 e5 17.Ng4 f6 18.Qh6+ Kg8 19.Qh4 Kg7
20.dxe5 Nxe5 21.Nfxe5 dxe5 22.Rad1 Rcd8 23.Kh2 Bxe4 24.Nxf6 Qxf6
25.Qxe4 Rxd1 26.Rxd1 Qf4+ 27.Qxf4 Rxf4 28.Kg1 Rd4 29.Rxd4 exd4
30.Bf3 Kf6 31.Kf1 Ke5 32.Ke2 Kd6 33.b4 Nd5 34.a3 Nc3+ 35.Kd3
Nb1 36.Kxd4 Nxa3 37.Bb7 a5 38.bxa5 Kc7 39.Be4 Nc4 40.Bd3 Nxa5
41.Bxb5 Kd6 42.Ba4 Ke6 43.f4 Nb7 44.g4 h6 45.Be8 Kf6 46.Bc6 Nd6
47.Kd5 Nc8 48.Bd7 Nb6+ 49.Kc6 Nc4 50.Kc5 Ne3 51.Kd4 Ng2 52.Ke4
g5 53.f5 Nh4 54.Bc6 Ng2 55.Bb5 Nh4 56.Bf1 Ke7 57.Be2 Kf6 58.Bf3
Ke7 59.Ke3 Kf6 60.Be4 Ke5 61.Kd3 h5 62.Ke3 Kf6 63.Kd4 hxg4 64.hxg4
Kf7 65.Ke5 Ke7 66.Bd5 Kf8 67.Kf6 1-0

[Event "Êîìàíäíîå ïåð-âî ÐÔ 2012 ã. ïî êëàññè÷åñêèì øàõìàòàì "]
[Site "Ðûáèíñê"]
[Date "2012.08.04"]
[Round "3.24"]
[White "Òîìíèêîâà Ëèäèÿ"]
[Black "Ñåâåðèíà Ìàðèÿ"]
[Result "1-0"]
[WhiteElo "2068"]
[BlackElo "2158"]
[Annotator ""]
[Source ""]
[Remark ""]

1.e4 e5 2.Nf3 Nc6 3.Bb5 a6 4.Ba4 Nf6 5.O-O Be7 6.Re1 b5 7.Bb3
d6 8.c3 O-O 9.d4 Bg4 10.d5 Na5 11.Bc2 c6 12.h3 Bd7 13.Nxe5 dxe5
14.d6 h6 15.dxe7 Qxe7 16.Nd2 c5 17.Nf1 Nb7 18.Ng3 c4 19.b3 Rac8
20.Qf3 Rfd8 21.bxc4 Rxc4 22.Bb3 Rc7 23.Nf5 Bxf5 24.exf5 Rdc8
25.Bb2 Na5 26.Rad1 Nc4 27.Bc1 Kh7 28.Qg3 e4 29.Qh4 Rc5 30.Bc2
Rxf5 31.Bxe4 Nxe4 32.Qxe7 1-0

[Event "Êîìàíäíîå ïåð-âî ÐÔ 2012 ã. ïî êëàññè÷åñêèì øàõìàòàì "]
[Site "Ðûáèíñê"]
[Date "2012.08.04"]
[Round "3.31"]
[White "Þôôà Äàíèèë"]
[Black "Áóêàâøèí Èâàí"]
[Result "1/2-1/2"]
[WhiteElo "2354"]
[BlackElo "2498"]
[Annotator ""]
[Source ""]
[Remark ""]

1.d4 d5 2.c4 e6 3.Nf3 Nf6 4.Bg5 dxc4 5.Qa4+ Nbd7 6.Qxc4 a6 7.g3
b5 8.Qc2 Bb7 9.Bg2 c5 10.O-O Rc8 11.Nbd2 cxd4 12.Qd3 e5 13.Qf5
Rc5 14.Nb3 g6 15.Bxf6 Nxf6 16.Qg5 h6 17.Qh4 Rc4 18.Nbd2 Rc2 19.Rfc1
Rxb2 20.Nb3 Bd6 21.Na5 Be4 22.Nc6 Bxc6 23.Rxc6 O-O 24.Qxh6 Ng4
25.Qh3 f5 26.Rac1 Kg7 27.Rxa6 Qe7 28.Rxd6 Qxd6 29.Ng5 e4 30.Qh7+
Kf6 31.Bxe4 d3 32.exd3 Re8 33.Qf7+ Kxg5 34.h4+ Kh6 35.Qxe8 Qd4
36.Qf8+ Kh5 37.Qc5 Qxc5 38.Rxc5 Kh6 39.Bc6 Rxf2 40.Rxb5 Rxa2
41.d4 Rd2 42.Bf3 Rd3 43.Kg2 Ne3+ 44.Kf2 Nc2 45.Be2 Rxd4 46.Rb6
Rd2 47.h5 Nd4 48.Rxg6+ Kh7 49.Ke3 Rxe2+ 50.Kxd4 Re4+ 51.Kd5 Re3
52.Kd4 Re4+ 53.Kd3 Re1 54.Rg5 Kh6 55.Rxf5 Rg1 1/2-1/2

[Event "Êîìàíäíîå ïåð-âî ÐÔ 2012 ã. ïî êëàññè÷åñêèì øàõìàòàì "]
[Site "Ðûáèíñê"]
[Date "2012.08.04"]
[Round "3.32"]
[White "Ïðåäêå Àëåêñàíäð"]
[Black "Êîòëÿð Êèðèëë"]
[Result "1-0"]
[WhiteElo "2475"]
[BlackElo "2292"]
[Annotator ""]
[Source ""]
[Remark ""]

1.e4 c5 2.Nf3 d6 3.Bb5+ Nd7 4.c3 Ngf6 5.Qe2 a6 6.Ba4 e5 7.O-O
Be7 8.d4 O-O 9.Rd1 Qc7 10.h3 b5 11.Bb3 cxd4 12.cxd4 Bb7 13.Nc3
b4 14.Nd5 Nxd5 15.exd5 e4 16.Bd2 Nf6 17.Ng5 Rfe8 18.Rac1 Qd7
19.Nxe4 Nxd5 20.Qh5 g6 21.Qf3 Kg7 22.Ng5 Nf6 23.Qf4 Rf8 24.Be6
Qe8 25.Rc7 Bd5 26.Nxh7 fxe6 27.Qh6+ Kg8 28.Bg5 Rf7 29.Rxe7 Qxe7
30.Qxg6+ Rg7 31.Nxf6+ Kf8 32.Bh6 1-0

[Event "Êîìàíäíîå ïåð-âî ÐÔ 2012 ã. ïî êëàññè÷åñêèì øàõìàòàì "]
[Site "Ðûáèíñê"]
[Date "2012.08.04"]
[Round "3.33"]
[White "Ïîïîâ Ìèõàèë"]
[Black "Ñàíæàåâ Äàðñåí"]
[Result "0-1"]
[WhiteElo "2186"]
[BlackElo "2335"]
[Annotator ""]
[Source ""]
[Remark ""]

1.c4 e5 2.g3 Nf6 3.Bg2 d5 4.cxd5 Nxd5 5.Nc3 Nb6 6.e3 Nc6 7.Nge2
Bc5 8.O-O O-O 9.f4 Be7 10.fxe5 Nxe5 11.d4 Ng6 12.b3 c5 13.Bb2
Bg4 14.Bxb7 Bg5 15.Qd3 Qe7 16.Be4 Rad8 17.Nf4 cxd4 18.exd4 Bxf4
19.gxf4 f5 20.Bg2 Qd6 21.Nb5 Nxf4 22.Nxd6 Nxd3 23.Ba3 Rf6 24.h3
Be2 25.Nxf5 Bxf1 26.Rxf1 Re8 27.d5 g6 28.Ne7+ Kf7 29.d6 Rxf1+
30.Bxf1 Ne5 31.Bb2 Ke6 32.Bxe5 Kxe5 33.Bb5 Rf8 34.d7 Kd6 35.Nc6
Nxd7 36.Nxa7 Ra8 37.Nc6 Rxa2 38.Nd4 Kc5 39.Bxd7 Kxd4 40.b4 Rb2
41.b5 Ke3 42.Kf1 g5 43.Be8 h6 44.Bc6 h5 45.Bd7 Kf3 46.Ke1 g4
47.hxg4 hxg4 48.Bc6+ Kg3 49.Bd7 Rb4 50.Ke2 Kh2 51.Kd3 g3 52.Kc3
Rxb5 0-1

[Event "Êîìàíäíîå ïåð-âî ÐÔ 2012 ã. ïî êëàññè÷åñêèì øàõìàòàì "]
[Site "Ðûáèíñê"]
[Date "2012.08.04"]
[Round "3.34"]
[White "Ìèðçàåâà Ãóëüíàðà"]
[Black "Ñàçîíîâà Àíàñòàñèÿ"]
[Result "0-1"]
[WhiteElo "1776"]
[BlackElo "1993"]
[Annotator ""]
[Source ""]
[Remark ""]

1.e4 c5 2.Nf3 d6 3.d4 cxd4 4.Nxd4 Nf6 5.Nc3 Nc6 6.f3 e6 7.Be3
Be7 8.Qd2 a6 9.g4 Qc7 10.O-O-O Ne5 11.g5 Nfd7 12.f4 Nc4 13.Bxc4
Qxc4 14.b3 Qc7 15.f5 Ne5 16.Rhf1 Bd7 17.Nce2 Nc6 18.fxe6 fxe6
19.Nf4 Nxd4 20.Bxd4 Rg8 21.Qe2 g6 22.Bf6 Bxf6 23.gxf6 Rf8 24.Qd3
O-O-O 25.Qxd6 Qxd6 26.Rxd6 Rxf6 27.Rf2 Rdf8 28.Rfd2 Rxf4 29.Rxd7
R8f7 30.R7d4 e5 31.Rc4+ Rc7 32.Rxc7+ Kxc7 33.Re2 Kd6 34.Kd2 Ke6
35.Ke3 Kf6 36.Rd2 Rh4 37.Rf2+ Ke6 38.c4 g5 39.b4 Rh3+ 40.Kd2
Ra3 41.Kd1 Rc3 42.Rc2 Re3 43.Re2 Ra3 44.Rf2 g4 45.c5 Rd3+ 46.Rd2
Rxd2+ 47.Kxd2 Kd7 48.a4 Kc6 49.Ke2 h5 50.Kf2 h4 51.h3 g3+ 52.Kg2
a5 0-1

[Event "Êîìàíäíîå ïåð-âî ÐÔ 2012 ã. ïî êëàññè÷åñêèì øàõìàòàì "]
[Site "Ðûáèíñê"]
[Date "2012.08.04"]
[Round "3.41"]
[White "Ôåäîñååâ Âëàäèìèð"]
[Black "Áîÿðñêèé Àëåêñàíäð"]
[Result "1-0"]
[WhiteElo "2498"]
[BlackElo "2210"]
[Annotator ""]
[Source ""]
[Remark ""]

1.d4 d5 2.c4 c6 3.Nc3 Nf6 4.cxd5 cxd5 5.Bf4 a6 6.e3 Nc6 7.Bd3
e6 8.Nf3 Bd6 9.Bg3 O-O 10.Rc1 Re8 11.Ne5 Bxe5 12.dxe5 Nd7 13.f4
Qb6 14.Qd2 Nc5 15.Bc2 Nb4 16.Bb1 Ne4 17.Bxe4 dxe4 18.Nxe4 Nxa2
19.Rc4 a5 20.Nd6 Rf8 21.e4 Bd7 22.f5 f6 23.exf6 gxf6 24.e5 exf5
25.Bf2 Qd8 26.Qd5+ Kg7 27.Nxb7 Qe7 28.Rc7 Rf7 29.Nd6 Qe6 30.Qxe6
Bxe6 31.Nxf7 Bxf7 32.e6 1-0

[Event "Êîìàíäíîå ïåð-âî ÐÔ 2012 ã. ïî êëàññè÷åñêèì øàõìàòàì "]
[Site "Ðûáèíñê"]
[Date "2012.08.04"]
[Round "3.42"]
[White "Ñóòîðìèí Äàíèëà"]
[Black "×èãàåâ Ìàêñèì"]
[Result "1/2-1/2"]
[WhiteElo "2224"]
[BlackElo "2462"]
[Annotator ""]
[Source ""]
[Remark ""]

1.e4 c5 2.Nf3 e6 3.d4 cxd4 4.Nxd4 a6 5.Bd3 Nf6 6.c4 d6 7.O-O
g6 8.Nc3 Bg7 9.Qe2 O-O 10.Rd1 Qc7 11.Be3 Nbd7 12.h3 b6 13.Rac1
Bb7 14.Bb1 Rac8 15.b3 Nc5 16.f3 Rfe8 17.Qd2 Rcd8 18.Qf2 Qb8 19.b4
Ncd7 20.Nb3 Rc8 21.Bd3 Ne5 22.Na4 Nxd3 23.Rxd3 b5 24.cxb5 Rxc1+
25.Bxc1 axb5 26.Nc3 d5 27.Nc5 Bc6 28.Bg5 dxe4 29.fxe4 Qe5 30.Bf4
Qh5 31.g4 Nxg4 32.hxg4 Qxg4+ 33.Qg3 Qh5 34.Qh2 Qg4+ 35.Qg3 Qh5
36.Qh3 Qxh3 37.Rxh3 Bd4+ 38.Kf1 Bxc5 39.bxc5 b4 40.Ne2 Bxe4 41.Bd6
Bd5 42.Nc1 e5 43.Rh2 f6 1/2-1/2

[Event "Êîìàíäíîå ïåð-âî ÐÔ 2012 ã. ïî êëàññè÷åñêèì øàõìàòàì "]
[Site "Ðûáèíñê"]
[Date "2012.08.04"]
[Round "3.43"]
[White "Àìèíîâ Àíäðåé"]
[Black "Âàñèëåíêî Àðòåì"]
[Result "0-1"]
[WhiteElo "1134"]
[BlackElo "2135"]
[Annotator ""]
[Source ""]
[Remark ""]

1.Nf3 d5 2.g3 e6 3.Bg2 Nf6 4.O-O c6 5.d3 Bd6 6.c4 O-O 7.Nc3 Qe7
8.Bd2 Nbd7 9.Rc1 a6 10.Qb3 b5 11.Nd4 Bb7 12.cxd5 cxd5 13.a4 Nc5
14.Qd1 b4 15.Na2 a5 16.Nb5 e5 17.Nxd6 Qxd6 18.f4 Ne6 19.Kh1 Rfe8
20.Be3 Ng4 21.Bg1 exf4 22.gxf4 Nxf4 23.e4 Nf6 24.Bc5 Qb8 25.Bd4
dxe4 26.Bxf6 gxf6 27.Qg4+ Ng6 28.h4 h5 29.Qxh5 exd3 30.Rxf6 Bxg2+
31.Kxg2 Nf4+ 32.Rxf4 Qxf4 33.Rf1 Re2+ 0-1

[Event "Êîìàíäíîå ïåð-âî ÐÔ 2012 ã. ïî êëàññè÷åñêèì øàõìàòàì "]
[Site "Ðûáèíñê"]
[Date "2012.08.04"]
[Round "3.44"]
[White "×õàíü Âèêòîðèÿ"]
[Black "Ôåäîñååâà Âàëåíòèíà"]
[Result "1-0"]
[WhiteElo "2058"]
[BlackElo "1957"]
[Annotator ""]
[Source ""]
[Remark ""]

1.d4 Nf6 2.c4 e6 3.Nf3 Bb4+ 4.Bd2 Qe7 5.g3 Nc6 6.a3 Bxd2+ 7.Qxd2
a5 8.Bg2 d6 9.O-O e5 10.d5 Nb8 11.Nc3 Na6 12.b4 O-O 13.Rfd1 Rd8
14.Nb5 Ne8 15.Ne1 Bd7 16.Nc2 axb4 17.axb4 c6 18.dxc6 Bxc6 19.Ne3
Bxg2 20.Kxg2 Nac7 21.Rxa8 Nxa8 22.c5 Qd7 23.Nxd6 Nxd6 24.Qxd6
Qxd6 25.Rxd6 Rxd6 26.cxd6 Nb6 27.Kf3 f6 28.Nc4 Nd7 29.Ke4 Kf7
30.Kd5 h6 31.Na5 Nb6+ 32.Kc5 Nd7+ 33.Kb5 b6 34.Nc4 Ke8 35.Kc6
Kd8 36.Nxb6 Nf8 37.b5 Ne6 38.e3 Ng5 39.Nd5 Ne6 40.Nc7 1-0

[Event "Êîìàíäíîå ïåð-âî ÐÔ 2012 ã. ïî êëàññè÷åñêèì øàõìàòàì "]
[Site "Ðûáèíñê"]
[Date "2012.08.04"]
[Round "3.51"]
[White "Àëåêñååíêî Êèðèëë"]
[Black "Ãîðáóøèí Ìàêñèì"]
[Result "1-0"]
[WhiteElo "2430"]
[BlackElo "2200"]
[Annotator ""]
[Source ""]
[Remark ""]

1.e4 c5 2.Nf3 d6 3.d4 cxd4 4.Nxd4 Nf6 5.Nc3 g6 6.Be3 Bg7 7.f3
O-O 8.Qd2 Nc6 9.Bc4 Nd7 10.Bb3 Nb6 11.Nd5 Nxd5 12.exd5 Na5 13.h4
Nxb3 14.axb3 e5 15.dxe6 fxe6 16.h5 Qf6 17.c3 d5 18.Ne2 Bd7 19.hxg6
Qxg6 20.Kf2 e5 21.Qxd5+ Be6 22.Qxb7 Rab8 23.Qxa7 Rxb3 24.Bc1
e4 25.f4 e3+ 26.Qxe3 Re8 27.Ra6 Qf7 28.Ra7 Bd7 29.Qd2 Rd8 30.Rd1 1-0

[Event "Êîìàíäíîå ïåð-âî ÐÔ 2012 ã. ïî êëàññè÷åñêèì øàõìàòàì "]
[Site "Ðûáèíñê"]
[Date "2012.08.04"]
[Round "3.52"]
[White "Ïîâîëîöêèé Åâãåíèé"]
[Black "Äîíñêîâ Àíàòîëèé"]
[Result "1/2-1/2"]
[WhiteElo "2049"]
[BlackElo "2333"]
[Annotator ""]
[Source ""]
[Remark ""]

1.d4 Nf6 2.c4 e6 3.Nc3 Bb4 4.Bg5 h6 5.Bh4 b6 6.e3 Bb7 7.Nf3 g5
8.Bg3 Ne4 9.Qc2 Bxc3+ 10.bxc3 d6 11.Nd2 Nxg3 12.hxg3 Nd7 13.e4
Qe7 14.O-O-O O-O-O 15.Be2 c5 16.Bf3 Kb8 17.Kb1 Qf6 18.Nb3 cxd4
19.cxd4 Rc8 20.Qd3 Rc7 21.Rc1 Rhc8 22.Rhd1 Qg6 23.g4 Ba6 24.Nd2
d5 25.Qa3 Bxc4 26.Nxc4 dxc4 27.Qd6 e5 28.dxe5 Qe6 29.Rd5 Kb7
30.Be2 Nf8 31.Rc3 Rc6 32.Qb4 Ng6 33.Bxc4 Nxe5 34.Rxe5 Qxe5 35.Bd5
Qxd5 36.exd5 Rxc3 37.d6 Rc1+ 38.Kb2 R8c2+ 39.Ka3 Kc6 40.Qd4 Rc4
41.Qf6 b5 42.Qe7 R1c3+ 43.Kb2 Rc2+ 44.Kb1 Rc1+ 45.Kb2 R4c2+ 46.Kb3
Rc4 47.Ka3 b4+ 48.Kb2 R1c2+ 49.Kb1 Rc1+ 50.Kb2 R1c2+ 51.Kb1 Rc1+
52.Kb2 1/2-1/2

[Event "Êîìàíäíîå ïåð-âî ÐÔ 2012 ã. ïî êëàññè÷åñêèì øàõìàòàì "]
[Site "Ðûáèíñê"]
[Date "2012.08.04"]
[Round "3.53"]
[White "Ïàëü÷óí Ãðèãîðèé"]
[Black "Ñîôüèí Ïàâåë"]
[Result "1-0"]
[WhiteElo "1189"]
[BlackElo "2071"]
[Annotator ""]
[Source ""]
[Remark ""]

1.d4 Nf6 2.Nf3 d5 3.Bf4 c6 4.e3 Bf5 5.Be2 e6 6.O-O Be7 7.h3 O-O
8.c4 h6 9.c5 Nbd7 10.Nc3 b5 11.b4 Ne4 12.Nxe4 Bxe4 13.a4 Bxf3
14.Bxf3 a6 15.Qc2 Qc8 16.Ra3 Bf6 17.Bd6 Re8 18.Rfa1 Qb7 19.Bg4
a5 20.axb5 axb4 21.Rxa8 Rxa8 22.Rxa8+ Qxa8 23.b6 Qa3 24.Bd1 e5
25.Qf5 Qc1 26.Qxd7 Qxd1+ 27.Kh2 Qe1 28.b7 Qxf2 29.b8Q+ Kh7 30.Qxf7 1-0

[Event "Êîìàíäíîå ïåð-âî ÐÔ 2012 ã. ïî êëàññè÷åñêèì øàõìàòàì "]
[Site "Ðûáèíñê"]
[Date "2012.08.04"]
[Round "3.54"]
[White "Êðîòþê Äàðüÿ"]
[Black "Àíäðååâà Þëèÿ"]
[Result "1-0"]
[WhiteElo "1874"]
[BlackElo "1928"]
[Annotator ""]
[Source ""]
[Remark ""]

1.e4 e6 2.d4 d5 3.e5 c5 4.c3 Qb6 5.Nf3 Nc6 6.a3 Nh6 7.b4 cxd4
8.cxd4 Nf5 9.Bb2 Bd7 10.g4 Nfe7 11.Nc3 Na5 12.Na4 Qc6 13.Nc5
Nc4 14.Qb3 b5 15.Rc1 Nc8 16.Bd3 Be7 17.O-O N8b6 18.Ba1 O-O-O
19.Qa2 h5 20.g5 h4 21.Nd2 Bxg5 22.f4 Be7 23.Nxc4 bxc4 24.b5 Qxb5
25.a4 Qc6 26.Nxd7 Nxd7 27.Bxc4 dxc4 28.Rxc4 Nc5 29.Rfc1 Qf3 30.Qg2
Qxf4 31.Qc6+ 1-0

[Event "Êîìàíäíîå ïåð-âî ÐÔ 2012 ã. ïî êëàññè÷åñêèì øàõìàòàì "]
[Site "Ðûáèíñê"]
[Date "2012.08.04"]
[Round "3.61"]
[White "Âàñåïöîâ Ìàêñèì"]
[Black "Ãîðäèåâñêèé Äìèòðèé"]
[Result "1/2-1/2"]
[WhiteElo "2240"]
[BlackElo "2437"]
[Annotator ""]
[Source ""]
[Remark ""]

1.e4 c5 2.Nf3 Nc6 3.Bb5 d6 4.O-O Bd7 5.Re1 Nf6 6.c3 a6 7.Bf1
Bg4 8.d4 cxd4 9.cxd4 Bxf3 10.gxf3 e5 11.d5 Nd4 12.Nd2 Rc8 13.Bd3
Nd7 14.Nb3 Nxb3 15.axb3 Be7 16.b4 O-O 17.Be3 Bg5 18.Qd2 Bf4 19.Bxf4
exf4 20.Qxf4 Ne5 21.Qe3 Qf6 22.f4 Nxd3 23.Qxd3 Qxf4 24.Qg3 Qf6
25.e5 dxe5 26.Qxe5 Qxe5 27.Rxe5 Rc7 28.b5 axb5 29.d6 Rd7 30.Ra7
b4 31.Re7 Rxd6 32.Rexb7 h6 33.Rxb4 Rc8 34.Rf4 Rg6+ 35.Kf1 Rc1+
36.Ke2 Rc2+ 37.Ke3 Rxb2 38.Rfxf7 Rb3+ 39.Ke4 Rh3 40.f4 Rxh2 41.f5
Rg5 42.f6 Rh4+ 43.Kf3 Rh3+ 44.Kf4 Rh4+ 45.Kf3 1/2-1/2

[Event "Êîìàíäíîå ïåð-âî ÐÔ 2012 ã. ïî êëàññè÷åñêèì øàõìàòàì "]
[Site "Ðûáèíñê"]
[Date "2012.08.04"]
[Round "3.62"]
[White "Ïóñòîâîéòîâà Äàðüÿ"]
[Black "Áàéãèëüäèí Àëüáåðò"]
[Result "1/2-1/2"]
[WhiteElo "2294"]
[BlackElo "2170"]
[Annotator ""]
[Source ""]
[Remark ""]

1.d4 Nf6 2.c4 g6 3.g3 Bg7 4.Bg2 d5 5.cxd5 Nxd5 6.e4 Nb6 7.Ne2
c5 8.d5 O-O 9.O-O e6 10.Nec3 exd5 11.exd5 Bf5 12.Na3 Qd7 13.Be3
Na6 14.Qb3 Bd3 15.Rfd1 c4 16.Qb5 Rfd8 17.Bxb6 Qxb5 18.Naxb5 axb6
19.Bf1 Nc5 20.Bxd3 Nxd3 21.Rd2 g5 22.h3 f5 23.Rad1 Rd7 24.Re2
Rf8 25.b3 Ne5 26.f4 gxf4 27.gxf4 Ng6 28.bxc4 Nxf4 29.Re3 Rf6
30.Rg3 Kf7 31.Rf1 Ng6 32.Rgf3 Nh4 33.Rf4 Rg6+ 34.Kh1 Bf6 35.Ne4
fxe4 36.Rxh4 e3 37.Rxh7+ Ke8 38.Nc7+ Rxc7 39.Rxc7 Bh4 40.Rf4
e2 41.Re4+ Kd8 42.Rxb7 e1Q+ 43.Rxe1 Bxe1 44.a4 Kc8 45.Re7 Bb4
46.Rf7 Rg3 47.Rf6 Kc7 48.Kh2 Rc3 49.Rc6+ Kb7 50.h4 Rc2+ 51.Kh3
Ra2 52.h5 Rxa4 53.h6 Ra1 54.Kg4 Rh1 55.Kf5 Bd2 56.c5 Rxh6 1/2-1/2